Annales de zoologie-écologie animale (Registro nro. 17845)
[ vista simple ]
| 000 -CABECERA | |
|---|---|
| Campo de control | 00868nas a22002533 4500 |
| 005 - FECHA Y HORA DE LA ULTIMA TRANSACCION | |
| Campo de control | 20151103121200.0 |
| 008 - ELEMENTOS DE LONGITUD FIJA—INFORMACION GENERAL | |
| Campo de control | 870629u xx u 0 0 0fre |
| 022 ## - ISSN | |
| ISSN | 00034231 |
| 040 ## - FUENTE DE CATALOGACIÓN | |
| Agencia catalogadora original | CO-BoIAVH |
| Agencia transcriptora | CO-BoIAVH |
| 041 0# - IDIOMA | |
| Código de idioma para texto/pista de sonido o título separado | Francés |
| 044 ## - PAÍS DE PUBLICACIÓN | |
| País de publicación | Francia |
| 090 ## - CLASIFICACIÓN LOCAL | |
| Colección | SE |
| 110 2# - ASIENTO PRINCIPAL--NOMBRE CORPORATIVO | |
| Nombre corporativo o de jurisdicción como elemento de entrada | Institut National de la Recherche Agronomique |
| 245 00 - MENCION DE TITULO | |
| Título | Annales de zoologie-écologie animale |
| 260 ## - PUBLICACION, DISTRIBUCION, ETC. (PIE DE IMPRENTA) | |
| Lugar de publicación, distribución, etc. | París (Francia): |
| Nombre del editor, distribuidor, etc. | Institut national de la recherche agronomique, |
| Fecha de publicación, distribución, etc. | 1969- . |
| 310 ## - FRECUENCIA ACTUAL DE LA PUBLICACIÓN | |
| Frecuencia actual de la publicación | Trimestral |
| 321 ## - FRECUENCIA ANTERIOR DELA PUBLICACIÓN | |
| Frecuencia anterior de la publicación | No se desea codificar |
| 590 ## - NOTA LOCAL | |
| Nota local | Publicación cesó con vol. 11, no. 4, 1979 por carta del editor para E & G 1.7.83. |
| 650 #6 - ASIENTO SECUNDARIO DE MATERIA - TERMINO TEMATICO | |
| Término temático o nombre geográfico como elemento de entrada | Zoología |
| Subdivisión de forma | Periódicas. |
| 9 (RLIN) | 40922 |
| 650 #6 - ASIENTO SECUNDARIO DE MATERIA - TERMINO TEMATICO | |
| Término temático o nombre geográfico como elemento de entrada | Zoología |
| Subdivisión de forma | Periódicas. |
| Subdivisión general | Investigación |
| 9 (RLIN) | 40923 |
| 650 #6 - ASIENTO SECUNDARIO DE MATERIA - TERMINO TEMATICO | |
| Término temático o nombre geográfico como elemento de entrada | Ecología animal |
| Subdivisión de forma | Periódicas. |
| 9 (RLIN) | 40924 |
| 650 #6 - ASIENTO SECUNDARIO DE MATERIA - TERMINO TEMATICO | |
| Término temático o nombre geográfico como elemento de entrada | Ecología animal |
| Subdivisión de forma | Periódicas. |
| Subdivisión general | Investigación |
| 9 (RLIN) | 40925 |
| 942 ## - ELEMENTOS ADICIONALES (KOHA) | |
| Sistema de clasificación | Local |
| Tipo de ítem | Periodica o revista |
No hay ítems disponibles.